|
|
|
|
| LEADER |
00000nab a2200000 a 4500 |
| 001 |
vtls009340501 |
| 003 |
SK-MaSNL |
| 005 |
20260305004259.0 |
| 008 |
140512c20080704xo dr|p|||||||000 b|slo |
| 015 |
|
|
|a SNBRB2008/10
|2 snkbucl
|
| 040 |
|
|
|a SNKBUCL
|b slo
|c SNKBUCL
|e AACR2
|
| 041 |
0 |
|
|a slo
|
| 044 |
|
|
|a xo
|c SK
|
| 080 |
|
|
|a 791.633-051
|2 2001
|
| 100 |
1 |
|
|a Kúdelová, Kristína,
|d 1977-
|4 ivr
|4 aut
|9 213312
|
| 245 |
1 |
0 |
|a Zo Zlatej palmy ma bolela hlava
|b úspech filmu 4 mesiace, 3 týždne a 2 dni prekazil Cristianovi Mungiuovi plány ...
|c [zhovárala sa] Kristína Kúdelová
|
| 300 |
|
|
|b Fotogr.
|
| 500 |
|
|
|a Od 15.1.2007 návrat k pôvodnému vročeniu
|
| 600 |
1 |
7 |
|a Mungiu, Christian,
|d 1968-
|2 snkbucl
|9 1051930
|
| 650 |
0 |
7 |
|a filmoví režiséri
|2 snkbucl
|9 3133
|
| 655 |
|
7 |
|a rozhovory
|2 snkbucl
|9 31831
|
| 700 |
1 |
|
|a Mungiu, Christian,
|d 1968-
|4 ive
|9 1051930
|
| 773 |
0 |
|
|t Sme
|g Roč. 16, č. 155 (4.7.2008)
|x 1335-440X
|
| 773 |
0 |
8 |
|t Kultúra
|g S. 18
|
| 852 |
|
|
|a SNK
|b KIS3GCP
|
| 958 |
|
|
|a RO
|
| 999 |
|
|
|c 3234863
|d 3236793
|